000
00194 a2200097 4500
001
11821
100
_a
Siegfried, A.
245
_a
Canada
260
_a
_b
Jonathan, cape
_c
090
_c
9077
_d
9077
942
_a
NUST-CAE
_c
M
_c
35908
999
_c
246894
_d
246894